|
|
|
|
| LEADER |
02378nam a22005295i 4500 |
| 001 |
978-3-319-26565-0 |
| 003 |
DE-He213 |
| 005 |
20151125163306.0 |
| 007 |
cr nn 008mamaa |
| 008 |
151125s2015 gw | s |||| 0|eng d |
| 020 |
|
|
|a 9783319265650
|9 978-3-319-26565-0
|
| 024 |
7 |
|
|a 10.1007/978-3-319-26565-0
|2 doi
|
| 040 |
|
|
|d GrThAP
|
| 050 |
|
4 |
|a QP34-38
|
| 072 |
|
7 |
|a MFG
|2 bicssc
|
| 072 |
|
7 |
|a MED075000
|2 bisacsh
|
| 082 |
0 |
4 |
|a 612
|2 23
|
| 245 |
1 |
0 |
|a Reviews of Physiology, Biochemistry and Pharmacology Vol. 169
|h [electronic resource] /
|c edited by Bernd Nilius, Thomas Gudermann, Reinhard Jahn, Roland Lill, Ole H. Petersen, Pieter P. de Tombe.
|
| 264 |
|
1 |
|a Cham :
|b Springer International Publishing :
|b Imprint: Springer,
|c 2015.
|
| 300 |
|
|
|a V, 69 p. 15 illus., 10 illus. in color.
|b online resource.
|
| 336 |
|
|
|a text
|b txt
|2 rdacontent
|
| 337 |
|
|
|a computer
|b c
|2 rdamedia
|
| 338 |
|
|
|a online resource
|b cr
|2 rdacarrier
|
| 347 |
|
|
|a text file
|b PDF
|2 rda
|
| 490 |
1 |
|
|a Reviews of Physiology, Biochemistry and Pharmacology,
|x 0303-4240 ;
|v 169
|
| 520 |
|
|
|a Contens Kristina Friedland and Christian Harteneck Hyperforin - to be or not to be an activator of TRPC(6) Eric Honoré, Joana Raquel Martins, David Penton, Amanda Patel, and Sophie Demolombe The Piezo mechanosensitive ion channels: may the force be with you! Jonathan P. Mochel and Meindert Danhof Chronobiology and pharmacologic modulation of the renin-angiotensin aldosterone system in dogs: what have we learnt?
|
| 650 |
|
0 |
|a Medicine.
|
| 650 |
|
0 |
|a Human physiology.
|
| 650 |
|
0 |
|a Pharmacology.
|
| 650 |
|
0 |
|a Plant biochemistry.
|
| 650 |
1 |
4 |
|a Biomedicine.
|
| 650 |
2 |
4 |
|a Human Physiology.
|
| 650 |
2 |
4 |
|a Pharmacology/Toxicology.
|
| 650 |
2 |
4 |
|a Plant Biochemistry.
|
| 700 |
1 |
|
|a Nilius, Bernd.
|e editor.
|
| 700 |
1 |
|
|a Gudermann, Thomas.
|e editor.
|
| 700 |
1 |
|
|a Jahn, Reinhard.
|e editor.
|
| 700 |
1 |
|
|a Lill, Roland.
|e editor.
|
| 700 |
1 |
|
|a Petersen, Ole H.
|e editor.
|
| 700 |
1 |
|
|a de Tombe, Pieter P.
|e editor.
|
| 710 |
2 |
|
|a SpringerLink (Online service)
|
| 773 |
0 |
|
|t Springer eBooks
|
| 776 |
0 |
8 |
|i Printed edition:
|z 9783319265636
|
| 830 |
|
0 |
|a Reviews of Physiology, Biochemistry and Pharmacology,
|x 0303-4240 ;
|v 169
|
| 856 |
4 |
0 |
|u http://dx.doi.org/10.1007/978-3-319-26565-0
|z Full Text via HEAL-Link
|
| 912 |
|
|
|a ZDB-2-SBL
|
| 950 |
|
|
|a Biomedical and Life Sciences (Springer-11642)
|